| 000 | 01533nam0a2200301 i 4500 | ||
|---|---|---|---|
| 001 | RU\NLR\bibl\843326 | ||
| 005 | 20240725211137.0 | ||
| 021 |
_aRU _b2005-8165а _9327а |
||
| 035 | _a(NLR Aleph) 000832141 | ||
| 090 |
_a1367509 _c1367509 |
||
| 100 | _a20050921d2005 |||y0rusy50 ca | ||
| 101 | 0 | _arus | |
| 102 | _aRU | ||
| 105 | _ay dm ||||| | ||
| 135 | _acrgn 008aaaba | ||
| 200 | 1 |
_aЭколого-географические подходы к формированию региональных рекреационных систем _e(На прим. иванов. обл.) _eавтореф. дис. на соиск. учен. степ. к.г.н. _eспец. 25.00.23 _fХудяков Николай Борисович _g[Ярослав. гос. педагог. ун-т им. К.Д. Ушинского. Каф. географии] |
|
| 210 |
_aЯрославль _d2005 |
||
| 215 |
_a23 с. _d21 |
||
| 320 | _aБиблиогр.: с.23 (9 назв.) | ||
| 325 | _aКопия доступна в Электрон. б-ке РНБ | ||
| 686 |
_a25.00.23 _2oksvnk |
||
| 700 | 1 |
_aХудяков _bН. Б. _gНиколай Борисович _4070 |
|
| 801 | 0 |
_aRU _bNLR _c20050921 _grcr |
|
| 801 | 1 |
_aRU _bNLR _c20050921 |
|
| 942 | _cBOOK | ||
| 981 | 1 | 0 |
_a(10) Авторефераты _b(10) 25.00.00 Науки о Земле _b25.00.23 Физическая география и биогеография, география почв и геохимия ланшафтов |